Physiology and biochemistry of algae (Record no. 21245)

MARC details
000 -LEADER
fixed length control field 00338nam a2200133Ia 4500
082 ## - DEWEY DECIMAL CLASSIFICATION NUMBER
Classification number 582.26:581.1
Item number LEW
245 #0 - TITLE STATEMENT
Title Physiology and biochemistry of algae
260 ## - PUBLICATION, DISTRIBUTION, ETC. (IMPRINT)
Place of publication New York
Name of publisher Academic
Year of publication 1962
650 ## - SUBJECT ADDED ENTRY--TOPICAL TERM
Topical Term Algae
650 ## - SUBJECT ADDED ENTRY--TOPICAL TERM
Topical Term Biochemistry
700 ## - ADDED ENTRY--PERSONAL NAME
Personal name LEWINI, Ralph A
942 ## - ADDED ENTRY ELEMENTS (KOHA)
Koha item type Books
Holdings
Withdrawn status Lost status Damaged status Not for loan Home library Current library Date acquired Full call number Accession Number Koha item type
        RRII Library RRII Library 16/12/2021 582.26:581.1 LEW 01965 Books